| 000 | 00605nam a2200181Ia 4500 | ||
|---|---|---|---|
| 008 | 151202s9999||||xx |||||||||||||| ||und|| | ||
| 082 | _bPNVM-81109 | ||
| 100 | _aकेशव दत्ता. | ||
| 245 | _aशापीत ज्वालामुखी. | ||
| 260 | _b"मनोरमा प्रकाशन ,दादर." | ||
| 260 | _c2013 | ||
| 300 | _a244 | ||
| 600 | _aकेशव दत्ता. | ||
| 630 | _aशापीत ज्वालामुखी. | ||
| 700 | _aकेशव दत्ता. | ||
| 730 | _aशापीत ज्वालामुखी. | ||
| 942 | _cBOOK | ||
| 999 |
_c1345717 _d1345714 |
||